|
|
|
|
| LEADER |
01207nam a22002777a 4500 |
| 001 |
36072 |
| 003 |
BD-DhAAL |
| 005 |
20250622115242.0 |
| 008 |
211107t2002 bg a|||| |||| 001 0 ben d |
| 020 |
|
|
|a 9799844103053
|
| 040 |
|
|
|a BD-DhAAL
|d BD-DhAAL
|
| 041 |
|
|
|a ben
|
| 082 |
|
|
|a 410
|2 23
|
| 100 |
|
|
|a হক, মহাম্মদ দানীউল.
|9 42387
|
| 245 |
|
|
|a ভাষাবিজ্ঞানের কথা /
|c মহাম্মদ দানীউল হক.
|
| 246 |
|
|
|a Bhashabigganer kotha
|
| 260 |
|
|
|a ঢাকা :
|b মওলা ব্রাদার্স,
|c ২০০২.
|
| 300 |
|
|
|a ৪০৭ পৃষ্ঠা :
|b চিত্র ;
|c ২২ সে.মি.
|
| 504 |
|
|
|a গ্রন্থপঞ্জী ও নিঘন্ট অন্তর্ভুক্ত
|
| 526 |
|
|
|a BIED
|
| 541 |
|
|
|a Complimentary copy from BIED
|e 36072
|
| 650 |
|
|
|a Linguistics.
|9 42388
|
| 852 |
|
|
|a Ayesha Abed Library
|c BIED Collection
|
| 942 |
|
|
|2 ddc
|c BK
|
| 999 |
|
|
|c 43315
|d 43315
|
| 952 |
|
|
|0 0
|1 0
|2 ddc
|4 0
|6 410_000000000000000_HAQ
|7 0
|9 69483
|a BRACUL
|b BRACUL
|c GEN
|d 2021-11-07
|e Complimentary copy from BIED
|l 0
|o 410 HAQ
|p 3010036072
|r 2021-11-07
|t 1
|w 2021-11-07
|y BK
|x Transferred from BIED to General Stacks
|